01823cam a22003494a 4500999001500000001000600015003000900021005001700030008004100047020001500088020001800103020001800121040002800139082001800167245005900185250001200244260005700256300004700313500002000360650001800380700001900398942001200417952011600429952011600545952011600661952011600777952011600893952011601009952011601125952011601241952011601357 c5011d501110337BD-DhUAP20201126151227.0201126r20092006enka b 001 0 eng  a0323040802 a9780323040808 a9788131220566 aDLCcDLCdBD-DhUAPbeng 223a615.1 INT00aIntegrated pharmacology /cClive P. Page ... [et al.]. a3rd ed. aNew York :bLange Medical Books/McGraw Hill,cc2001. aviii, 675 pages :billustrations ;c28 cm. aIncludes index. 0aPharmacology.1 aPage, Clive P. 2ddccBK 00102ddc4070aUAPCLbUAPCLcGeneral Stacksd2020-11-26o615.1 INTp3010010337r2020-11-26t1w2020-11-26yBK 00102ddc4070aUAPCLbUAPCLcGeneral Stacksd2020-11-26o615.1 INTp3010010336r2020-11-26t2w2020-11-26yBK 00102ddc4070aUAPCLbUAPCLcGeneral Stacksd2020-11-26o615.1 INTp3010014919r2020-11-26t3w2020-11-26yBK 00102ddc4070aUAPCLbUAPCLcGeneral Stacksd2020-11-26o615.1 INTp3010014920r2020-11-26t4w2020-11-26yBK 00102ddc4070aUAPCLbUAPCLcGeneral Stacksd2020-11-26o615.1 INTp3010014923r2020-11-26t5w2020-11-26yBK 00102ddc4070aUAPCLbUAPCLcGeneral Stacksd2020-11-26o615.1 INTp3010014921r2020-11-26t6w2020-11-26yBK 00102ddc4070aUAPCLbUAPCLcGeneral Stacksd2020-11-26o615.1 INTp3010014922r2020-11-26t7w2020-11-26yBK 00102ddc4070aUAPCLbUAPCLcGeneral Stacksd2020-11-26o615.1 INTp3010014924r2020-11-26t8w2020-11-26yBK 00102ddc4070aUAPCLbUAPCLcGeneral Stacksd2020-11-26o615.1 INTp3010014918r2020-12-02t9w2020-11-26yBK